Pays invariants par langue - Statistiques

Statistiques générales
  • Ce quiz a été pris 679 fois
  • Le résultat moyen est 8 sur 23
Statistiques - réponses
Pays % Correct
Samoa
57%
Vanuatu
57%
Tuvalu
55%
Tonga
53%
Nauru
49%
Kiribati
45%
Togo
45%
Mali
43%
Angola
40%
Brunei
40%
Laos
40%
Haiti
38%
Niger
36%
Panama
36%
Nigeria
32%
Liechtenstein
30%
Burundi
26%
Nepal
25%
Honduras
23%
Sri Lanka
23%
Burkina Faso
19%
Senegal
19%
Liberia
17%
Aucun quiz correspondant
Distribution des résultats
% des personnes avec chaque résultat
Percentile par nombre de réponses
Votre historique - résultats
Vous n’avez pas pris ce quiz